|
|
|
|
| LEADER |
01060nam a2200289 a 4500 |
| 001 |
AAL1726 |
| 003 |
BD-DhAAL |
| 005 |
20160210165612.0 |
| 008 |
150210s1991 cou b 001 0 eng |
| 010 |
|
|
|a 91013011
|
| 020 |
|
|
|a 0813311586 (HC : alk. paper)
|
| 020 |
|
|
|a 0813311594 (PB : alk. paper)
|
| 040 |
|
|
|a DLC
|c DLC
|d DLC
|d BD-DhAAL
|
| 050 |
0 |
0 |
|a DS318.83
|b .F85 1991
|
| 082 |
0 |
0 |
|a 327.55
|2 20
|
| 999 |
|
|
|c 33643
|d 33643
|
| 999 |
|
|
|c 33643
|
| 100 |
1 |
|
|a Fuller, Graham E.,
|d 1937-
|9 8203
|
| 245 |
1 |
4 |
|a The center of the universe :
|b the geopolitics of Iran /
|c Graham E. Fuller.
|
| 260 |
|
|
|a Boulder, Colo. :
|b Westview Press,
|c 1991.
|
| 300 |
|
|
|a xv, 301 p. ;
|c 24 cm.
|
| 490 |
|
|
|a A Rand Corporation research study
|
| 504 |
|
|
|a Includes bibliographical references (p. 277-280) and index.
|
| 541 |
|
|
|e 1726
|
| 651 |
|
0 |
|a Iran
|x Foreign relations
|y 1979-1997.
|9 8204
|
| 942 |
|
|
|2 ddc
|c BK
|
| 952 |
|
|
|0 0
|1 0
|2 ddc
|4 0
|6 327_550000000000000_FUL
|7 0
|9 52542
|a SCL
|b SCL
|c GEN
|d 2015-02-10
|e Gift: The Asia Foundation
|l 0
|o 327.55 FUL
|p 3020001726
|r 2015-02-10
|t 1
|w 2015-02-10
|y BK
|